[Event "SRB-chT2 West CS"]
[Site "Serbia"]
[Date "2016.10.07"]
[Round "7.4"]
[White "Jocovic, Slobodan"]
[Black "Djukic, Sinisa"]
[Result "1-0"]
[WhiteElo "2044"]
[BlackElo "2071"]
[PlyCount "111"]
[EventDate "2016.09.04"]
[EventType "team-tourn"]
[EventRounds "11"]
[EventCountry "SRB"]
[SourceTitle "EXT 2018"]
[Source "ChessBase"]
[SourceDate "2017.10.13"]
[SourceVersion "1"]
[SourceVersionDate "2017.10.13"]
[SourceQuality "1"]

1. d4 d5 2. c4 Nc6 3. Nc3 dxc4 4. e3 e5 5. d5 Na5 6. Bxc4 c6 7. Be2 Bb4 8. dxc6 Qxd1+ 9. Bxd1 Bxc3+ 10. bxc3 Nxc6 11. Nf3 Be6 12. Bb3 Bxb3 13. axb3 f6 14. Bd2 Nge7 15. Ke2 Kf7 16. Rhd1 Rhd8 17. e4 Ke6 18. Be3 Rxd1 19. Rxd1 b6 20. Nd2 Rd8 21. Ra1 Nc8 22. Nc4 Nd6 23. Nxd6 Rxd6 24. b4 Rd7 25. g3 g6 26. g4 Ne7 27. Ra6 Nc6 28. f3 Kd6 29. Ra2 Ne7 30. c4 Nc6 31. b5 Nd4+ 32. Bxd4 exd4 33. f4 Kc5 34. Kd3 Re7 35. Re2 Rg7 36. e5 fxe5 37. Rxe5+ Kd6 38. Kxd4 Rf7 39. f5 gxf5 40. Rxf5 Rg7 41. g5 Ke6 42. Rf6+ Ke7 43. h4 Rg8 44. Rh6 Rg7 45. Kd5 Kd7 46. Rd6+ Kc7 47. Ke5 Rf7 48. Rf6 Re7+ 49. Kf5 Rd7 50. h5 Rd8 51. Rf7+ Kd6 52. Rxh7 Rf8+ 53. Kg6 Rf4 54. h6 Rxc4 55. Rxa7 Rh4 56. h7 1-0

[Event "SRB-chT2 West"]
[Site "Sabac"]
[Date "2014.09.27"]
[Round "4.4"]
[White "Stevanovic, Milos"]
[Black "Djukic, Sinisa"]
[Result "0-1"]
[WhiteElo "1611"]
[BlackElo "2041"]
[PlyCount "50"]
[EventDate "2014.09.25"]
[EventType "team-swiss"]
[EventRounds "6"]
[EventCountry "SRB"]
[SourceTitle "EXT 2015"]
[Source "ChessBase"]
[SourceDate "2014.11.20"]
[SourceVersion "1"]
[SourceVersionDate "2014.11.20"]
[SourceQuality "1"]

1. e4 Nf6 2. e5 Nd5 3. c4 Nb6 4. d4 d6 5. f4 g5 6. exd6 exd6 7. fxg5 Nc6 8. b3 Bg7 9. Bb2 Qe7+ 10. Ne2 Qxg5 11. Qd2 Qg6 12. Na3 Bg4 13. 0-0-0 Bh6 14. Nf4 Bxd1 15. Nxg6 Bxd2+ 16. Kxd2 fxg6 17. Kxd1 Rf8 18. Be2 0-0-0 19. Bg4+ Kb8 20. Nc2 Rde8 21. h4 Ne7 22. h5 Nf5 23. hxg6 hxg6 24. Kd2 Ng3 25. Bf3 Nxh1 0-1